| 000 | 00450nab a22001457 4500 | ||
|---|---|---|---|
| 003 | ES-SlBC | ||
| 005 | 20210327223942.0 | ||
| 008 | 130710s2008 sp ||||| |||| 00| 0 spa d | ||
| 040 |
_aES-SlBC _bspa |
||
| 041 | _aspa | ||
| 100 | 1 |
_aMenini D., Marino _926939 |
|
| 245 | 1 | 3 |
_aEl fin de la historia y el último hombre (Parte II) _cMenini D. Marino |
| 773 | 0 |
_gAño 29, núm. 56/57, 2008/2010, págs. 7-38 _tAnthropos _wRev38 _x0254-1629 |
|
| 942 |
_2lcc _cAR |
||
| 999 |
_c423396 _d423396 |
||